Co to za ptak? #16 - Statystyki

Ogólne statystyki
  • Ten quiz został rozwiązany 11 razy
  • Średni wynik to 9 z 24
Statystyki odpowiedzi
Obrazkowy Hint Odpowiedź % Poprawnych
x olbrzymi Petrelec
100%
x prążkowany Afrotrogon
50%
Brązówka
50%
x czubaty Czuprynek
50%
x krzykliwy Gąszczak / Krzakówka
50%
Hełmodziób
50%
Iranka
50%
x ciemna Jedwabnica
50%
x modropłatkowy Koralnik
50%
ara x Marakana
50%
x palmowy Owadożer
50%
x andyjska Penelopa
50%
x czubaty Puchaczyk
50%
inaczej Gągol północny Sierpiec
50%
x łuskowany Smolarek
50%
x jasnolicy Tyranik
50%
x białobrewy Złotokos
50%
x białobrzuchy Dróżniczek
0%
x kapturowy Fletowiec
0%
x inkaski Krytonos / Krytonosek
0%
x czarnobrewy Miodopoik
0%
x szmaragdowy Nosoczub
0%
Skałowron
0%
x złotawy Szczeciak
0%
Nie znaleziono quizów pasujących do podanych kryteriów
Rozkład punktacji
Procent ludzi z każdym wynikiem
Percentyl według liczby udzielonych odpowiedzi
Twoja historia wyników
Nie rozwiązałeś tego quizu